عرض عادي
عرض مارك
- McCarthy, Michael,
مدخل إسم شخص
001 - رقم الضبط
- حقل الضبط: 6272
003 - معرف رقم الضبط
- حقل الضبط: OSt
005 - تاريخ ووقت أخر عملية
- حقل الضبط: 20111103064238.0
008 - عناصر بيانات ثابتة الطول
- حقل تحكم ثابت الطول: 111103|||a|||||| | ||| d
040 ## - مصدر الفهرسة
- هيئة الفهرسة الأصلية: OSt
- وكالة الكتابة: OSt
100 ## - مدخل -- أسم شخص
- إسم شخص: McCarthy, Michael,
- تواريخ مرتبطة بالاسم: 1947-
670 ## - بيانات المصدر موجوده
- الاستشهاد بالمصدر: Work cat.: (OSt)1487: McCarthy, Michael, 1947-, English vocabulary in use :, c2002
